|
|
|
|
| LEADER |
00000nam a2200000 a 4500 |
| 001 |
vtls001288584 |
| 003 |
SK-MaSNL |
| 005 |
20260425231722.0 |
| 008 |
240315suuuu xx 0 und |
| 035 |
|
|
|a SNK000240186
|
| 040 |
|
|
|a SNK
|b slo
|c SNK
|e AACR2
|
| 100 |
1 |
|
|a Bielovodský, Andrej
|4 aut
|9 455685
|
| 245 |
1 |
|
|a Severné hranice Slovenska
|
| 260 |
|
|
|a Bratislava
|b Ústredná správa Slov.ligy
|c b.r.
|
| 300 |
|
|
|a 169s.
|
| 650 |
0 |
7 |
|a štátne hranice
|2 SNKPH
|9 2228
|
| 651 |
|
7 |
|a Slovensko
|2 SNKPHgeo
|9 14231
|
| 651 |
|
7 |
|a Poľsko
|2 SNKPHgeo
|9 16755
|
| 999 |
|
|
|c 714409
|d 716339
|
| 952 |
|
|
|t P60, <04>, [BOOK], {604}
|a SNK
|b SNK
|y VYP
|7 0
|p 17A0068912
|o snkSB 1148 D1
|0 0
|1 0
|4 0
|d 1997-05-28
|l 0
|r 2005-01-02 00:00:00
|w 2026-02-23
|
| 952 |
|
|
|a SNK
|b SNK
|y VYP
|7 0
|p 17A0152933
|o snkSB 1148 D2
|i snkK 2285/74
|8 3
|0 0
|1 0
|4 0
|d 2001-10-27
|l 1
|r 2026-03-23 09:49:06
|s 2026-02-28
|w 2026-02-23
|
| 952 |
|
|
|a SNK
|b SNK
|y PREZ
|7 0
|p 17A0738917
|o snkSB 1148
|0 0
|1 0
|4 0
|d 2011-11-03
|l 0
|r 2025-02-07 00:00:00
|w 2026-02-23
|
| 952 |
|
|
|t Príloha: mapa
|a SNK
|b SNK
|y VYP
|7 0
|p 17A1021152
|o snkSB 1148/príl. D2
|i snkK 2285/74
|8 3
|3 Príloha: mapa
|z Príloha: mapa
|0 0
|1 0
|4 0
|d 2013-01-15
|l 1
|r 2026-03-23 09:49:20
|s 2026-02-28
|w 2026-02-23
|